[Event "AUT-ch Open 2020"]
[Site "Graz"]
[Date "2020.02.14"]
[Round "1.1"]
[White "Socko, Bartosz"]
[Black "Modler, Andreas"]
[Result "1-0"]
[WhiteElo "2619"]
[BlackElo "2225"]
[Annotator "TA"]
[PlyCount "87"]
[EventDate "2020.02.14"]
[EventType "swiss"]
[EventCountry "AUT"]
[SourceTitle "playchess.com"]
[Source "ChessBase"]
[SourceQuality "1"]

{[%evp 14,87,35,42,43,53,46,51,37,56,46,28,40,12,18,16,23,16,70,68,54,20,60,60,60,59,96,70,73,64,64,72,77,62,88,54,47,32,34,32,87,87,85,78,184,123,184,180,193,191,197,196,356,359,364,357,330,214,205,152,216,210,201,168,166,174,176,172,176,120,176,176,6511,6399,2478,2253]} 1. d4 d5 2. Nf3 Nf6 3. c4 e6 4. g3 Bb4+ 5. Nbd2 O-O 6. Bg2 dxc4 7. Qc2 Nc6 8. Qxc4 Bd6 {E04: Open Catalan: 5 Nf3.} 9. O-O e5 10. dxe5 Nxe5 {White is slightly better.} 11. Nxe5 Bxe5 12. Nf3 Bd6 13. b3 Be6 14. Qc2 Bd5 15. Bb2 {[#] Hoping for Ng5.} Bxf3 $146 (15... Re8 $1 $11) ({Predecessor:} 15... Re8 16. Ng5 Bxg2 17. Kxg2 Be5 18. Bxe5 Rxe5 19. Nf3 Re8 20. e3 Qe7 21. Rfd1 c5 {½-½ (33) Zagorovsky,M-Steinsapir,Y ICCF corr 1980}) 16. Bxf3 $14 c6 17. e4 Qc7 18. Bxf6 gxf6 19. Bg4 Be5 20. Rad1 Rad8 21. Bf5 Rxd1 22. Qxd1 {White wants to mate with Qg4+.} Rd8 23. Qh5 Kf8 24. Qxh7 Qa5 $1 25. f4 Bd4+ 26. Kh1 Qa6 {[#]} (26... Ke7 $14) 27. Bh3 $1 $16 ({Avoid the trap} 27. Rd1 $2 Qe2 $19) 27... Qd3 28. Bg2 c5 (28... Bc3 $16 {was worth a try.}) 29. Qh8+ $18 Ke7 {[#]} 30. Qh4 $1 b5 31. e5 Qg6 32. Re1 Kd7 $2 {[#]} (32... Bc3 {was necessary.} 33. exf6+ Kd6) 33. f5 $1 {[%mdl 512]} Qg7 (33... Qxf5 34. Bh3) 34. e6+ Ke7 35. Qe4 {White threatens Qb7+ and mate.} fxe6 36. Qxe6+ Kf8 37. Bd5 Be5 38. Re4 {Intending Rg4! and mate.} Re8 39. Qc6 $40 {[%mdl 192] Double Attack. Black is in trouble.} Qc7 40. Qxb5 {aiming for Rg4.} Rd8 41. Bc4 (41. Rh4 $18 {And now Qc4 would win.} Qd7 42. Qxc5+ Qd6 43. Qxd6+ Rxd6 44. Bf3) 41... Rd1+ (41... Rb8 $16 42. Qa6 Rb6) 42. Kg2 {Rg4 is the strong threat.} Qd6 $2 (42... Rd2+ 43. Re2 Rd1) 43. Rg4 {Rg8+ would kill now.} Rd2+ 44. Kh3 {Accuracy: White = 76%, Black = 68%.} 1-0

[Event "AUT-ch Open 2020"]
[Site "Graz"]
[Date "2020.02.14"]
[Round "1.1"]
[White "Menezes, Christoph"]
[Black "Nieminen, Kari"]
[Result "1-0"]
[WhiteElo "2394"]
[BlackElo "2112"]
[Annotator "RC"]
[PlyCount "55"]
[EventDate "2020.02.14"]
[EventType "swiss"]
[EventCountry "AUT"]
[SourceTitle "playchess.com"]
[Source "ChessBase"]
[SourceQuality "1"]
[TimeControl "40/5400+30:1800+30"]

1. Nf3 {[%emt 0:00:00]} d5 {[%emt 0:00:00]} 2. g3 {[%emt 0:00:15]} Nf6 {[%emt 0:01:14]} 3. Bg2 {[%emt 0:00:49]} e6 {[%emt 0:01:52]} 4. O-O {[%emt 0:00:30]} Be7 {[%emt 0:00:28]} 5. c4 {[%emt 0:00:53]} O-O {[%emt 0:00:54]} 6. b3 {[%emt 0:01:18]} b6 {[%emt 0:01:19]} 7. Bb2 {[%emt 0:00:38]} Bb7 {[%emt 0:00:13]} 8. e3 {[%emt 0:00:28]} Nbd7 {[%emt 0:01:19]} 9. Nc3 {[%emt 0:00:33]} a6 {[%emt 0:02:47]} 10. Qe2 {[%emt 0:06:13]} c5 {[%emt 0:34:23]} 11. Rfd1 {[%emt 0:06:12]} Qb8 {[%emt 0:08:08]} 12. cxd5 {[%emt 0:08:09]} Nxd5 {[%emt 0:05:43]} 13. Nxd5 {[%emt 0:00:57]} Bxd5 {[%emt 0:00:11]} 14. e4 {[%emt 0:00:42]} Bc6 {[%emt 0:00:05]} 15. d4 {[%emt 0:01:10]} Re8 {[%emt 0:06:02]} 16. dxc5 {[%emt 0:07:42]} bxc5 {[%emt 0:06:15]} 17. Nd2 {[%emt 0:06:30]} Ne5 {[%emt 0:11:45]} 18. a4 {[%emt 0:05:33]} Rd8 {[%emt 0:02:06]} 19. Bc3 {[%emt 0:02:37]} a5 {[%emt 0:02:32]} 20. f4 {[%emt 0:09:40]} Nd3 {[%emt 0:01:00]} 21. Rab1 {[%emt 0:04:58]} Qc7 {[%emt 0:03:29]} 22. Nc4 {[%emt 0:02:08]} Nb4 {[%emt 0:00:08]} 23. Be5 {[%emt 0:02:46]} Qa7 {[%emt 0:00:20]} 24. Qg4 {[%emt 0:04:03]} g6 {[%emt 0:02:02]} 25. h4 {[%emt 0:08:56]} Nc2 {[%emt 0:02:04]} 26. h5 {[%emt 0:02:06]} Nd4 {[%emt 0:02:16]} 27. hxg6 {[%emt 0:00:29]} hxg6 {[%emt 0:00:58]} 28. Qh3 {[%emt 0:00:41]} 1-0

[Event "AUT-ch Open 2020"]
[Site "Graz"]
[Date "2020.02.14"]
[Round "1.1"]
[White "Golecki, Jan"]
[Black "Ioannidis, Evgenios"]
[Result "*"]
[WhiteElo "2112"]
[BlackElo "2399"]
[Annotator "TA"]
[PlyCount "35"]
[EventDate "2020.02.14"]
[EventType "swiss"]
[EventCountry "AUT"]
[SourceTitle "playchess.com"]
[Source "ChessBase"]
[SourceQuality "1"]

{[%evp 16,17,16,9]} 1. Nf3 d5 2. g3 Nf6 3. Bg2 e6 4. O-O Be7 5. c4 O-O 6. b3 b6 7. Bb2 Bb7 8. e3 Nbd7 9. Nc3 {[#]} {Predecessor:} c5 $146 {A14: English Opening: 1...e6 with b3 by White.} 10. Qe2 a6 11. Rfd1 Rc8 12. Rab1 Re8 13. Ba1 Bf8 14. h3 d4 15. exd4 Bxf3 16. Bxf3 cxd4 17. Ne4 Nxe4 18. Bxe4 {0-1 (53) Duda,J (2729)-Dubov,D (2700) Paris 2019} *

[Event "AUT-ch Open 2020"]
[Site "Graz"]
[Date "2020.02.14"]
[Round "1.2"]
[White "Frosch, Erich"]
[Black "Martinez Alcantara, Jose Eduardo"]
[Result "0-1"]
[WhiteElo "2210"]
[BlackElo "2617"]
[Annotator "TA"]
[PlyCount "62"]
[EventDate "2020.02.14"]
[EventType "swiss"]
[EventCountry "AUT"]
[SourceTitle "playchess.com"]
[Source "ChessBase"]
[SourceQuality "1"]

{[%evp 13,62,7,5,-50,-54,-81,-83,-170,-176,-175,-147,-172,-121,-125,-84,-91,-45,-101,-87,-165,-64,-125,-133,-141,-131,-123,-128,-108,-118,-114,-110,-116,-39,-166,-210,-208,-194,-163,-106,-132,-129,-216,-70,-252,-236,-268,-18,-31,186,-29997,-29998]} 1. d4 Nf6 2. c4 e6 3. Nf3 Bb4+ 4. Nc3 b6 5. Qc2 Bb7 6. a3 Bxc3+ 7. Qxc3 O-O {[#]} 8. g4 $146 {E32: Nimzo-Indian: Classical (4 Qc2): 4...0-0.} (8. e3 $11) ({Predecessor:} 8. e3 d5 9. b3 Nbd7 10. Bb2 dxc4 11. Bxc4 c5 12. O-O Rc8 13. Rad1 Qe7 14. a4 cxd4 15. Qxd4 Rfd8 16. Qf4 Bd5 17. Nd2 {½-½ (45) Xiong,J (2679)-Wei,Y (2736) chess.com INT 2019}) 8... d5 $15 9. Rg1 Nbd7 10. Ng5 (10. Bg5 $17) 10... c5 $19 11. cxd5 Bxd5 (11... exd5 12. Be3 $17) 12. b4 cxd4 ({Better is} 12... Rc8 $19 13. dxc5 bxc5) 13. Qxd4 $17 e5 14. Qd3 Qc7 15. Rg3 (15. Bb2 $1 $15) 15... Rfc8 {aiming for ...Qxc1+.} 16. Bd2 (16. Bb2 $17 {is a better defense.}) 16... h6 {[#]} (16... Qb7 $19 {Strongly threatening ...h6.} 17. Rd1 a5) 17. Nh3 (17. Nh7 $1 $15 {[%mdl 512]}) 17... g5 18. f3 e4 19. fxe4 Ne5 (19... Nxe4 $6 20. Qxd5 Nxg3 21. Rc1 $11) 20. Qd4 Bb7 {[%mdl 1024] Black has strong compensation.} ({But not} 20... Bxe4 $6 21. Rc1 $11) 21. Nf2 Rd8 22. Qc3 Qe7 (22... Qd6 $17 {Threatens to win with ...Rac8.} 23. Nd3 Nfxg4 24. Nxe5 Nxe5) 23. Bg2 (23. Qc2 $1 $15) 23... Rac8 $19 24. Qb3 Nc4 $1 {[%cal Rc4d2]} ({Not} 24... Rxd2 25. Kxd2 Nexg4 26. Nxg4 $11) 25. Bc3 Nxe4 (25... Bxe4 $19 26. Rd1 Rxd1+ 27. Nxd1 Bxg2 28. Bxf6 Qxf6 29. Rxg2 Qc6) 26. Bxe4 $17 Bxe4 27. Rd1 {[#]} (27. Kf1 $17) 27... Bd5 $40 {[%mdl 128] Black attacks.} (27... Re8 $1 $19 {White must now prevent ...Bf3!} 28. Kf1 {[#]} Bd5 $1 {[%mdl 512]}) 28. Ba1 $2 ({White should play} 28. Rdd3 $1 $15) 28... Re8 $19 {[%csl Ge8][%cal Re7e2]} 29. Qd3 Nxa3 $2 ({Black should try} 29... Ba8 $19 {...Ne3 is the strong threat.} 30. Bc3 Qe6) 30. Kf1 $11 {Hoping for Rh3.} Rcd8 $2 (30... Bc4 $15 {keeps the upper hand.} 31. Qd4 f6 32. Rxa3 Bxe2+ {[%mdl 64] Double Attack} 33. Kg2 Rcd8) 31. Qxa3 $4 {[%mdl 8192]} ({Worse is} 31. Qc3 f6 $15) (31. Kg1 $18) 31... Qxe2+ {Accuracy: White = 27%, Black = 45%.} 0-1

[Event "AUT-ch Open 2020"]
[Site "Graz"]
[Date "2020.02.14"]
[Round "1.2"]
[White "Skuhala, Barbara"]
[Black "Drnovsek, Gal"]
[Result "0-1"]
[WhiteElo "2109"]
[BlackElo "2390"]
[Annotator "TA"]
[PlyCount "74"]
[EventDate "2020.02.14"]
[EventType "swiss"]
[EventCountry "AUT"]
[SourceTitle "playchess.com"]
[Source "ChessBase"]
[SourceQuality "1"]

{[%evp 10,74,10,0,48,14,37,30,21,1,9,0,4,0,-4,-34,-13,-67,-47,-102,-110,-103,-123,-120,-104,-95,-95,-97,-87,-81,-50,-83,-80,-84,-87,-122,-141,-148,-115,-110,-109,-115,-117,-110,-80,-84,-32,-27,-34,-20,-33,-62,-66,-27,-42,-150,-143,-427,-435,-386,-440,-411,-400,-479,-463,-29981,-29982]} 1. e4 c5 2. Nf3 d6 3. d4 cxd4 4. Nxd4 Nf6 5. f3 e5 6. Nb3 a5 {B55: Sicilian: 2...d6 3 d4 cxd4 4 Nxd4 Nf6 5 f3.} 7. a4 Be6 8. Nc3 {[#]} Be7 $146 {White has an edge.} ({Predecessor:} 8... Nbd7 9. Be3 Be7 10. Be2 O-O 11. O-O Nb6 12. Qd2 d5 13. exd5 Nbxd5 14. Nxd5 Nxd5 {0-1 (32) Lazniewski,T (1422)-Leskiewicz,I (1988) Szczyrk 2017}) 9. Nd5 Nxd5 10. exd5 Bd7 11. Bd3 O-O 12. Qe2 Na6 {[%cal Bb8a6,Ba6c7,Bc7d5][%mdl 32]} 13. c3 (13. Bd2 $11) 13... Nc7 $1 $15 14. Be3 (14. c4 $15) 14... Nxd5 $17 {[#]} 15. Bxh7+ $1 {[%mdl 576] Decoy} Kxh7 16. Qd3+ Kg8 17. Qxd5 Qc7 18. Nd2 Be6 19. Qb5 d5 20. Bb6 Qc6 21. O-O Bd7 22. Qxc6 bxc6 {[%cal Bb7c6,Bc6c5][%mdl 32]} 23. Be3 c5 24. b3 Be6 25. c4 d4 26. Bf2 f5 27. Rfe1 Bf6 (27... Bd6 $17 28. Bg3 f4) 28. Bg3 $15 {[#]} e4 $1 $36 {[%mdl 2560] Black fights for an advantage.} 29. fxe4 Bg5 30. Nf3 Be3+ 31. Bf2 f4 32. Kf1 (32. Ne5 $15) 32... Rab8 $17 33. Rab1 $2 {[%mdl 8192] [#]} (33. Ng5 $17 {is the only way for White.} Bg4 34. h3) 33... Rxb3 $1 $19 {[%mdl 512]} 34. Ne5 (34. Rxb3 Bxc4+) 34... Rfb8 35. Rxb3 Rxb3 36. Ra1 Rb2 37. Be1 {[#]} (37. Bg1 $19 Kf8 38. Bxe3 fxe3 39. Kg1) 37... f3 $1 {[%mdl 512] Accuracy: White = 52%, Black = 78%.} 0-1

[Event "AUT-ch Open 2020"]
[Site "Graz"]
[Date "2020.02.14"]
[Round "1.3"]
[White "Shevchenko, Kirill"]
[Black "Ohanyan, Emin"]
[Result "1-0"]
[WhiteElo "2580"]
[BlackElo "2209"]
[Annotator "TA"]
[PlyCount "107"]
[EventDate "2020.02.14"]
[EventType "swiss"]
[EventCountry "AUT"]
[SourceTitle "playchess.com"]
[Source "ChessBase"]
[SourceQuality "1"]

{[%evp 16,107,48,36,36,50,48,41,39,49,46,40,44,39,56,55,54,54,50,36,39,32,59,58,73,67,100,93,103,0,0,0,0,0,0,0,0,0,0,0,0,0,0,-2,-2,-9,-16,-6,27,30,17,18,32,47,99,101,129,114,113,56,458,390,787,750,1301,1039,878,718,611,571,1408,1383,12837,9430,6531,8636,12839,12839,12844,12844,12845,12845,12845,12846,12848,12847,12848,12849,12851,12851,12851,27999,12851,27999]} 1. e4 e5 2. Nf3 Nc6 3. Bb5 f5 4. d3 fxe4 5. dxe4 Nf6 6. O-O Bc5 7. Bxc6 bxc6 8. Nxe5 O-O 9. Nc3 d6 {C63: Ruy Lopez: Schliemann/Jaenisch Defence.} 10. Nd3 Bd4 11. Qe1 Qe8 {White is slightly better.} 12. Be3 Bxc3 13. Qxc3 Qxe4 14. Rfe1 Bd7 {[#]} 15. Bd4 $146 {[%mdl 2048] White has good play.} ({Predecessor:} 15. Bxa7 Qg6 16. Be3 Nd5 17. Qc4 Bh3 18. g3 Kh8 19. Qxc6 Qf7 20. c4 Ne7 21. Qe4 {½-½ (30) Bromberger,S (2510)-Lillo Castany,V (2319) Barcelona 2014}) 15... Qf5 16. Re7 Rf7 17. Rxf7 Kxf7 18. Bxf6 Qxf6 19. Qb3+ Kf8 20. Re1 Re8 21. Rxe8+ Bxe8 22. g3 (22. Qb7 $16) 22... Qf3 $11 23. Nf4 Qxb3 24. axb3 {[%mdl 4096] Endgame KB-KN} c5 25. Ne6+ Ke7 26. Nxc7 Bc6 {[#] Threatens to win with ...Kd7.} 27. c4 $1 Bf3 28. Nb5 Bd1 29. b4 cxb4 30. Nxa7 Kd7 31. f4 Be2 32. Nb5 $1 Bxc4 33. Nd4 Bd3 34. Kf2 Bg6 (34... h5 $14) 35. Ke3 $16 Bb1 36. g4 g6 37. Nf3 (37. f5 $16) 37... Ke6 $2 {[%mdl 8192]} (37... h5 $14) 38. Ng5+ $18 Kd5 $2 (38... Ke7 39. Nxh7 Bc2) 39. Nxh7 Kc4 40. Nf6 Kb3 41. Nd5 Kc4 42. Ne7 Kb3 {[#]} 43. Nc6 $1 Kxb2 44. Nxb4 Kc3 45. Nc6 Ba2 46. f5 gxf5 47. gxf5 Bf7 48. Nd8 Bb3 49. f6 d5 50. Nc6 Ba4 51. f7 Bxc6 52. f8=Q {White threatens Qc5+ and mate.} d4+ 53. Kf2 {Threatening mate with Qc5+.} Bb5 54. Qa3+ {Accuracy: White = 94%, Black = 63%.} 1-0

[Event "AUT-ch Open 2020"]
[Site "Graz"]
[Date "2020.02.14"]
[Round "1.3"]
[White "Megalios, Konstantinos"]
[Black "Maxion, Dirk"]
[Result "1-0"]
[WhiteElo "2390"]
[BlackElo "2098"]
[Annotator "TA"]
[PlyCount "54"]
[EventDate "2020.02.14"]
[EventType "swiss"]
[EventCountry "AUT"]
[SourceTitle "playchess.com"]
[Source "ChessBase"]
[SourceQuality "1"]

{[%evp 16,54,24,30,22,16,45,45,20,34,17,0,0,0,0,0,0,0,0,-3,-2,-10,31,-11,25,-54,84,52,54,-12,302,272,608,587,539,545,1318,1288,29997,29998,29998]} 1. d4 Nf6 2. c4 g6 3. Nc3 Bg7 4. e4 d6 5. Nf3 O-O 6. Be2 e5 7. d5 a5 8. Bg5 h6 9. Be3 Ng4 {E92: King's Indian: Classical: 6 Be2 e5: 7 dxe5, 7 Be3 and Petrosian System without 7...Nbd7.} 10. Bd2 f5 11. h3 Nf6 {White is slightly better.} 12. exf5 gxf5 13. Qc1 f4 14. g3 e4 $1 {[%cal Re4f3]} 15. Nh4 $36 {[%mdl 2048] White is pushing.} e3 $1 {[%cal Re3d2]} 16. fxe3 fxg3 {Strongly threatening ...Ne4!} 17. Ng6 Re8 18. Rg1 Na6 (18... Bf5 $5 {[%cal Rf5g6]} 19. Rxg3 Nbd7 $11) 19. Nf4 Nc5 {[#]} 20. Bf3 $146 {[#]} (20. Qc2 $11) ({Predecessor:} 20. Qc2 Nfe4 21. Nxe4 Nxe4 22. O-O-O Bf5 23. Bd3 Qg5 24. Be1 Re5 25. h4 Qxh4 26. Bxe4 Bxe4 27. Bxg3 {0-1 (38) Travadon,L (2441)-Mihok,O (2541) Radenci 2019}) 20... Bxh3 $1 {[%mdl 512]} 21. Rxg3 (21. Nxh3 Nd3+) 21... Bf5 22. Ke2 (22. Kf2 $1 $14) 22... a4 $2 {[%mdl 8192] [#]} (22... Nh7 $1 $11 {and Black is okay.}) 23. Qh1 $1 $18 Kh7 $2 (23... Kh8 24. Rag1 Re7 25. Ng6+ (25. Rxg7 Rxg7 26. Qxh6+ Rh7 $18) 25... Bxg6 26. Rxg6 Qf8) 24. Rag1 Re7 {[#]} 25. e4 $1 {[%mdl 512] Threatens to win with Ne6!} Qe8 (25... Ncxe4 26. Nxe4) 26. Ne6 Bxe6 {[#]} 27. Rxg7+ $1 {[%mdl 576] Remove Defender} Rxg7 {Accuracy: White = 66%, Black = 36%.} 1-0

[Event "AUT-ch Open 2020"]
[Site "Graz"]
[Date "2020.02.14"]
[Round "1.4"]
[White "Megalios, Konstantinos"]
[Black "Maxion, Dirk"]
[Result "*"]
[WhiteElo "2390"]
[BlackElo "2098"]
[Annotator "RC"]
[PlyCount "22"]
[EventDate "2020.02.14"]
[EventType "swiss"]
[EventCountry "AUT"]
[SourceTitle "playchess.com"]
[Source "ChessBase"]
[SourceQuality "1"]
[TimeControl "40/5400+30:1800+30"]

1. e4 {[%emt 0:00:00]} c6 {[%emt 0:00:00]} 2. d4 {[%emt 1:31:00]} d5 {[%emt 0:00:00]} 3. e5 {[%emt 0:00:00]} c5 {[%emt 0:00:00]} 4. dxc5 {[%emt 0:00:05]} e6 {[%emt 0:00:00]} 5. a3 {[%emt 0:00:31]} Bxc5 {[%emt 0:00:00]} 6. b4 {[%emt 0:00:22]} Bb6 {[%emt 0:00:00]} 7. Nf3 {[%emt 0:01:01]} Ne7 {[%emt 0:00:01]} 8. Bb2 {[%emt 1:32:01]} a5 {[%emt 0:00:20]} 9. b5 {[%emt 0:06:35]} Nd7 {[%emt 0:00:55]} 10. Bd3 {[%emt 0:02:21]} Nc5 {[%emt 0:00:40]} 11. a4 {[%emt 0:00:31]} Ng6 {[%emt 0:01:07]} *

[Event "AUT-ch Open 2020"]
[Site "Graz"]
[Date "2020.02.14"]
[Round "1.4"]
[White "Milikow, Elie"]
[Black "Meshkovs, Nikita"]
[Result "0-1"]
[WhiteElo "2208"]
[BlackElo "2566"]
[Annotator "TA"]
[PlyCount "54"]
[EventDate "2020.02.14"]
[EventType "swiss"]
[EventCountry "AUT"]
[SourceTitle "playchess.com"]
[Source "ChessBase"]
[SourceQuality "1"]

{[%evp 14,88,33,18,30,0,5,0,0,-11,-16,-13,-18,-13,0,-10,22,9,29,17,0,-36,0,-32,0,-33,-36,-51,-42,-64,-55,-147,-135,-143,-139,-136,-141,-141,-139,-152,-157,-155,-128,-160,-128,-124,-120,-136,-114,-177,-176,-177,-177,-534,-574,-567,-554,-527,-527,-518,-465,-1093,-1060,-1117,-1091,-1141,-1088,-1716,-1628,-2464,-2400,-29980,-29981,-29982,-29983,-29984,-29985]} 1. e4 c5 2. Nf3 e6 3. d4 cxd4 4. Nxd4 Nc6 5. Nc3 Qc7 6. Be3 a6 7. a3 b5 $1 {[%mdl 4] is recently more successful than 7...Nf6.} 8. Nxc6 dxc6 {B48: Sicilian: Taimanov: 5 Nc3 Qc7 6 Be3 a6 without Be2.} 9. g3 Nf6 10. Bg2 e5 {The position is equal.} 11. h3 Nd7 (11... a5 {with more complications.} 12. f4 Be7 13. O-O O-O 14. Qf3 Ba6) 12. O-O {[#]} Be7 $146 ({Predecessor:} 12... Bc5 13. Qe2 O-O 14. Nd1 Rd8 15. b4 Bf8 16. Nb2 a5 17. c3 Nb6 18. f3 Be6 {½-½ (38) Naiditsch,Y (2366)-Henderson de la Fuente,L (2471) Karlsruhe 2019}) 13. f4 Bb7 14. f5 O-O-O 15. Qe2 Bc5 16. Bxc5 Nxc5 17. Kh1 f6 18. Qf2 (18. b4 $5 {[%cal Rb4c5]} Nd7 19. Nd1 $11) 18... Nd7 19. Rad1 Nb6 20. Qc5 Nc4 21. Na4 Kb8 22. b3 ({White should play} 22. Rg1 $15) 22... Nd2 $17 23. Rf2 {[#] And now Nc3 would win.} Nxe4 24. Rxd8+ Rxd8 25. Bxe4 {Nb2 is the strong threat.} bxa4 26. bxa4 Qd6 27. Qa5 {[#]} c5 {Played: Qd6-d4} 0-1

[Event "AUT-ch Open 2020"]
[Site "Graz"]
[Date "2020.02.14"]
[Round "1.4"]
[White "Higatsberger, Michael"]
[Black "Rowan, Thomas H"]
[Result "0-1"]
[WhiteElo "2096"]
[BlackElo "2169"]
[Annotator "TA"]
[PlyCount "64"]
[EventDate "2020.02.14"]
[EventType "swiss"]
[EventCountry "AUT"]
[SourceTitle "playchess.com"]
[Source "ChessBase"]
[SourceQuality "1"]

{[%evp 9,64,0,22,0,0,-2,20,10,8,0,6,-3,23,22,43,0,14,14,43,44,50,56,58,46,69,53,83,62,59,50,56,18,8,0,0,0,6,-36,-38,-29,-33,-22,0,-21,0,-47,-64,-104,-101,-258,-261,-372,-367,-29989,-29990,-29998,-29999]} 1. e4 c6 2. d4 d5 3. e5 c5 4. dxc5 e6 5. a3 Bxc5 6. b4 {B12: Caro-Kann: Advance Variation.} Bb6 7. Nf3 Ne7 8. Bb2 {The position is equal.} a5 9. b5 Nd7 10. Bd3 Nc5 11. a4 Ng6 12. g3 O-O 13. O-O {[#]} f5 $146 ({Predecessor:} 13... Qc7 14. Nbd2 Bd7 15. Nb3 Nxb3 16. cxb3 Bc5 17. h4 f5 18. Rc1 Qb6 19. Qe2 Rfc8 {1-0 (62) Mullick,R (2399)-Krstulovic,A (2338) Budapest 2019}) 14. Nbd2 {[%cal Bb1d2,Bd2b3,Bb3d4][%mdl 32]} Nxd3 15. cxd3 f4 16. Nb3 fxg3 17. hxg3 Ne7 18. Nbd4 Nf5 19. Kg2 Bd7 20. Rc1 Qe7 21. Qb3 Qf7 22. Nxf5 Qxf5 23. Nd4 Bxd4 24. Bxd4 Qf3+ 25. Kg1 Qg4 $36 {[%mdl 2048] Black has the initiative.} 26. Bc5 Rf3 27. Qd1 {And now Kg2 would win.} (27. Kg2 $5 {[%cal Rb3d1]} Qf5 28. Rc3 $11) 27... Qf5 28. d4 {[#]} Be8 $1 29. Qc2 $2 (29. Qe1 $17) 29... Qh3 $19 30. Qd2 (30. Bd6 $142 Bg6 31. Qc8+ Rf8 32. Bxf8) 30... Bg6 {...Be4 is the strong threat.} 31. Qg5 $2 (31. Rce1 $19) 31... Be4 32. Qh4 {[#]} Rxg3+ $1 {[%mdl 512] Accuracy: White = 56%, Black = 88%.} 0-1

[Event "AUT-ch Open 2020"]
[Site "Graz"]
[Date "2020.02.14"]
[Round "1.5"]
[White "Shengelia, David"]
[Black "Ragger, Anna-Christina"]
[Result "1-0"]
[WhiteElo "2557"]
[BlackElo "2205"]
[Annotator "TA"]
[PlyCount "111"]
[EventDate "2020.02.14"]
[EventType "swiss"]
[EventCountry "AUT"]
[SourceTitle "playchess.com"]
[Source "ChessBase"]
[SourceQuality "1"]

{[%evp 9,143,0,0,-11,-6,-6,3,0,0,0,0,-7,74,29,39,3,7,14,23,-8,-15,-9,31,29,31,30,102,48,56,38,41,56,52,-18,-14,-11,-9,-9,-14,-9,0,0,0,0,0,0,0,0,0,0,0,0,0,0,0,0,0,0,0,0,0,0,2,2,2,3,3,0,2,2,8,8,23,34,104,104,104,104,104,104,104,52,147,147,145,145,137,117,102,98,172,8,9,0,195,61,66,64,48,17,17,14,16,0,620,620,620,609,475,431,1154,962,940,1276,933,772,29973,29971,29974,29975,29975,29976,29976,29977,29982,29983,29983,29984,29984,29985,29985,29984,29984,29981,29980,29981]} 1. d4 d5 2. Bf4 c5 3. e3 Nc6 4. Nf3 Nf6 5. c3 Qb6 6. b3 {D02: 1 d4 d5 2 Nf3 sidelines, including 2...Nf6 3 g3 and 2...Nf6 3 Bf4.} cxd4 7. exd4 Bg4 8. h3 {The position is equal.} Bxf3 9. Qxf3 {[#]} g6 $146 ({Predecessor:} 9... e6 10. Nd2 Rc8 11. Be2 Be7 12. O-O O-O 13. Qg3 Kh8 14. Bg5 Nb8 15. Rac1 Nbd7 {0-1 (35) Cardozo,C (1459)-Siddeley,H (1968) Montevideo 2019}) 10. Nd2 a5 (10... Bg7 $11) 11. g4 Bg7 12. Be2 O-O 13. O-O Rfe8 14. g5 Nh5 15. Be3 e5 16. dxe5 ({But not} 16. Qxd5 exd4 17. cxd4 Rad8 $15) 16... d4 17. Nc4 Qd8 (17... Qc5 $11 18. Bxd4 Nxd4 19. cxd4 Qxd4) 18. cxd4 (18. Rad1 $16 {[%cal Rc3d4]} Bxe5 19. Nxe5 Nxe5 20. Qxb7) 18... Nxd4 $14 19. Bxd4 Qxd4 20. Rad1 ({Reject} 20. Qxb7 Ng3 $17) 20... Qf4 21. Qxb7 (21. Qg2 $14) 21... Qxg5+ $11 22. Qg2 Qxg2+ 23. Kxg2 {Black must now prevent f4.} Nf4+ {[%mdl 64] Double Attack} 24. Kf3 $132 {[%mdl 2048] White puts up resistance} Nxe2 25. Kxe2 Bxe5 26. Kf3 Bf6 27. a4 Bc3 28. Rd3 Bb4 29. Rfd1 Kg7 30. Rd5 Ra6 31. Ne3 Rb6 32. R1d3 Reb8 33. Nc4 R6b7 34. Ke2 Re8+ 35. Re3 Rxe3+ (35... Ra8 {is interesting.} 36. h4 h5 37. f4 Rbb8 38. Kf3 Rd8) 36. fxe3 {[%mdl 4096] Endgame KRB-KRN} f5 37. Rb5 Ra7 38. Ne5 {With the idea Nc6.} Ra6 39. Rb7+ Kf6 40. Nd3 Ba3 41. Rxh7 Bd6 {[#]} (41... Rb6 $14) 42. Nb2 $1 $16 Bb4 43. Nc4 Ra8 44. h4 Re8 45. Kf3 (45. Rb7 $16) 45... Re4 (45... Re7 $1 $14 46. Rxe7 Kxe7) 46. h5 g5 47. Rh6+ Ke7 48. Rg6 g4+ 49. Kg2 {Hoping for h6.} Bc5 (49... Re6 $16 {might work better.}) 50. Rg7+ $2 (50. Kf2 $18) 50... Kf6 $11 51. Rg6+ $2 (51. Rg8 $11) 51... Ke7 $1 $18 {[#]} 52. h6 ({White should play} 52. Kf2 $1 $18) 52... Bxe3 $14 53. h7 Bd4 54. Rg8 Re2+ 55. Kg3 Rf2 {[#]} 56. h8=B {Played: Rg8-g7} 1-0